Danae Air Transport Societe Anonyme v Air Canada (Record no. 62230)

MARC details
000 -LEADER
fixed length control field 00882cam a2200205 4500
001 - CONTROL NUMBER
control field X103596
008 - FIXED-LENGTH DATA ELEMENTS--GENERAL INFORMATION
fixed length control field 000000n2000 000 0 eng u
035 ## - SYSTEM CONTROL NUMBER
System control number (Sirsi) u103596
245 ## - TITLE STATEMENT
Title Danae Air Transport Societe Anonyme v Air Canada
260 ## - PUBLICATION, DISTRIBUTION, ETC.
Date of publication, distribution, etc. 2000
490 ## - SERIES STATEMENT
Series statement New Property Cases
Volume/sequential designation [1999] NPC 108
520 ## - SUMMARY, ETC.
Summary, etc. Arbitration agreement provided that the decision should not be appealed. Arbitrators made fundamental mathematical error in assessing costs. Matter remitted to arbitrators for reconsideration. TAKEN FROM JOURNAL HEADNOTE. NOT PHOTOCOPYING ALLOWED.
650 ## - SUBJECT ADDED ENTRY--TOPICAL TERM
Topical term or geographic name entry element DANAE AIR TRANSPORT SOCIETE ANOYME V AIR CANADA
650 ## - SUBJECT ADDED ENTRY--TOPICAL TERM
Topical term or geographic name entry element ARBITRATION ACT 1996
650 ## - SUBJECT ADDED ENTRY--TOPICAL TERM
Topical term or geographic name entry element ARBITRATION ACT 1950
650 ## - SUBJECT ADDED ENTRY--TOPICAL TERM
Topical term or geographic name entry element ARBITRATION ACT 1979
650 ## - SUBJECT ADDED ENTRY--TOPICAL TERM
Topical term or geographic name entry element ERROR
690 ## - LOCAL SUBJECT ADDED ENTRY--TOPICAL TERM (OCLC, RLIN)
Topical term or geographic name as entry element MANGEMENT-DISPUTE AVOIDANCE, MANAGEMENT AND RESOLUTION-DISPUTE MANAGEMENT AND RESOLUTION
942 ## - ADDED ENTRY ELEMENTS (KOHA)
Suppress in OPAC 0
Holdings
Withdrawn status Lost status Source of classification or shelving scheme Damaged status Not for loan Home library Current library Shelving location Date acquired Total Checkouts Full call number Barcode Date last seen Copy number Price effective from Koha item type
    Dewey Decimal Classification     London London Journal article 14/01/2000   X103596 103596-1001 06/08/2019 1 06/08/2019 Law report
    Dewey Decimal Classification     London London Journal article 14/01/2000   X103596 103596-1002 06/08/2019 2 06/08/2019 Law report